000 00887aas a2200229 4500
999 _c3061
_d3061
003 BR-BrBNA
005 20230317233706.0
007 ta
008 230119b bl ||||| |||| 00| 0 por d
035 _a000485-5
040 _aBR-BrBNA
_bPor
_cBR-BrBNA
042 _aN
044 _abl
245 _aInformativo Técnico e Bibliográfico - Empresa de Assistência Técnica e Extensão Rural do Estado de Goiás (Brazil)
260 _aGoiânia-GO
_bEmpresa de Assistência Técnica e Extensão Rural do Estado de Goiás
_c1983. Data final de publicação em 1990
_eBGO
270 _aRua 1227-A 10 - Setor Universitário - Caixa Postal 331 - 74000-000
310 _airregular
500 _aPublicação Suspensa
505 _a1983-84 3-4(24-42); 1985 5(43-49,52-54); 1986 (1-4,6-7,9-12); 1987 2(13-17,19); 1988 3(1-6); 1989 4(1-4); 1990 5(1-2);
909 _a56
_bSergio Santos
_c56
_dSergio Santos
942 _cCR
_2AGRIS